Stavbu 90 bytového bloku na Kalinčiakovej ulici v Bratislave plánuje mesto

Podrobná bibliografia
Médium: Článok
Jazyk:slovenčina
Predmet:

MARC

LEADER 00000nab a22000001a 4500
001 vtls010303306
003 SK-MaSNL
005 20260426101014.0
008 110812d1936 xo |r|p|||| |000 b|slo
015 |a SNBRRBVU1918-1938 
038 |a SNKBUCL 
038 |a SNKBUVU 
040 |a SNKBUVU  |b slo  |c SNKBUCL  |e AACR2 
041 0 |a slo 
044 |a xo  |c SK 
080 |a 72.071.1  |2 1997 
080 |a 728.3  |2 1997 
245 0 0 |a Stavbu 90 bytového bloku na Kalinčiakovej ulici v Bratislave plánuje mesto 
600 1 7 |a Marek, Josef,  |d 1889-1965  |2 MM  |9 264217 
650 0 7 |a slovenská architektúra  |2 MM  |9 2967 
650 0 7 |a obytné domy  |2 MM  |9 66500 
651 7 |a Bratislava (Slovensko)  |2 MM  |9 14568 
651 7 |a Kalinčiakova ulica (Bratislava, Slovensko)  |2 snkbucl  |9 1575414 
655 7 |a projektová dokumentácia  |2 MM  |9 548437 
773 0 |t Slovenský staviteľ  |g Roč. 6, č. 3 (1936), s. 98 
852 |a SNK  |b KIS3GCP 
910 |a snkrbvumm 
958 |a VY 
999 |c 3215049  |d 3216979